| 000 | 01691nam a22003377a 4500 | ||
|---|---|---|---|
| 003 | DO-SdBNP | ||
| 005 | 20210922125052.0 | ||
| 007 | ta | ||
| 008 | 210922b 1975 sp 00| 0 eng d | ||
| 020 | _a8485199073 | ||
| 040 |
_aDO-SdBNP _bspa _cBNPHU |
||
| 082 | 4 |
_a196.1 _bN964m |
|
| 100 | 1 |
_aNúñez, Diego _980000 |
|
| 245 | 1 | 3 | _aLa mentalidad positiva en españa: desarrollo y crisis / |
| 260 |
_aEspaña : _bTucar, _c1975. |
||
| 300 |
_a278 p. ; _c21 cm. |
||
| 490 | 1 |
_aTemas de ciencias sociales _v7 |
|
| 500 | _aIncluye índices de abreviaturas | ||
| 500 | _aOriginally presented as the author's thesis (doctoral)--Universidad Autónoma de Madrid, 1973. | ||
| 500 | _aPresentado originalmente como tesis (doctorado) -- Universidad Autónoma de Madrid, 1973 | ||
| 500 | _aIncluye referencias bibliográficas y notas al pie de las páginas | ||
| 505 | 2 |
_aIntroducción-- _tPositivismo -- _tEl krausismo positivo _tSignificado del pensamiento comtiano en España-- _tNeokantismo y nueva crítica-- _tLa presencia del evolucionismo en el pensamiento español decimononico-- _tReplanteamiento de la actitud filosófica en el contexto científico-positivo. Formación en España de una linea de filosofía científica-- _tEl pensamiento sociologico español positivo-- _tÍndice de abreviaturas. |
|
| 590 | _aInventariado, 22021/BT | ||
| 600 | 1 | 4 |
_aKrause, Karl Christian Friedrich, _d1781-1832. _967518 |
| 650 | 4 |
_aFilosofía española _ySiglo XIX _980016 |
|
| 650 | 4 |
_aPositivismo _xHistoria _948291 |
|
| 650 | 4 |
_aSociologia _zEspaña _xHistoria _980017 |
|
| 830 | 0 |
_nTemas de ciencias sociales _p7 _980001 |
|
| 910 | _aBtavárez/Validado. Control de calidad MFF | ||
| 942 |
_2ddc _cLBS1 |
||
| 999 |
_c50620 _d50620 |
||